000 01036nam a22003017i 4500
003 URS
005 20220117120628.0
008 180509b xxu||||| |||| 00| 0 eng d
020 _a0155010999
040 _aDLC
_erda
_cURS
_dDLC
_beng
050 0 0 _aPE1408
_b.R13 1995
100 1 _aRackham, Jeff.
245 1 0 _aFrom sight to insight : the writing process /
_cJeff Rackham, Olivia Bertagnolli.-
250 _aFifth edition.-
264 1 _aFort Worth :
_bHarcourt Brace College Publishers,
_c[1995]
264 4 _c©1995
300 _axiii, 576 pages :
_billustrations ;
_c23 cm
336 _atext
_btxt
_2rdacontent
337 _aunmediated
_bn
_2rdamedia
338 _avolume
_bnc
_2rdacarrier
504 _aIncludes bibliographical references and index.
650 0 _aEnglish language
_xRhetoric.
650 0 _aReport writing.
700 1 _aBertagnolli, Olivia.
906 _a7
_bcbc
_corignew
_d3
_eopcn
_f19
_gy-gencatlg
942 _2lcc
_cFR
999 _c5051
_d5051